| 000 | 00774nam 22002413 4500 | ||
|---|---|---|---|
| 001 | 198957 | ||
| 010 | _a978-989-53431-3-3 | ||
| 021 |
_aPT _b539170/24 |
||
| 090 | _a198957 | ||
| 100 | _a20251111d u||y0pory50 ba | ||
| 200 |
_aÓscar _euma história sobre o 25 de Abril _fAna Cristina Oliveira, Ana Luísa Ventura e Dilar Pelica _gilustração Paulo Pereira |
||
| 205 | _a1ª | ||
| 210 |
_aOdivelas _cCâmara Municipal de Odivelas _d2024 |
||
| 215 |
_a45 p. _cil. ; brochado _d22 cm |
||
| 606 |
_951 _aLiteratura Juvenil Portuguesa |
||
| 610 | _a25 de Abril | ||
| 675 |
_a821.134.3-93 _vPT _zpor |
||
| 700 |
_95639 _aOliveira _bAna Cristina |
||
| 701 |
_914868 _aVentura _bAna Luísa |
||
| 701 |
_914869 _aPelica _bDilar |
||
| 801 |
_aPT _bBMMN _gRPC |
||
| 830 | _cIsabel | ||
| 990 | _cLIVROS | ||